Normal view
MARC view
- Tales
Entry Topical Term
001 - CONTROL NUMBER
- control field: 69002
003 - CONTROL NUMBER IDENTIFIER
- control field: OSt
005 - DATE AND TIME OF LATEST TRANSACTION
- control field: 20251028095327.0
008 - FIXED-LENGTH DATA ELEMENTS
- fixed length control field: 251028|| aca||babn | a|a d
040 ## - CATALOGING SOURCE
- Original cataloging agency: OSt
150 ## - HEADING--TOPICAL TERM
- Topical term or geographic name entry element: Tales
- Geographic subdivision: Philippines
- Geographic subdivision: Maguindanao.
